000
00284nam a2200109Ia 4500
008
190914s9999||||xx |||||||||||||| ||und||
100
_a
Syed Agha Ijaz Hussain
245
0
_a
International Banking Management
260
_a
Islamabad
_b
Hassan Safeer
_c
1980
300
_a
349
942
_c
BK
999
_c
9793
_d
9793